LDR 00571naa#a2200169#i#450# 001 EN\INFRA-M\bibl\126335 005 20260703183646.5 011 ## _a1998-0744 100 ## _a20260622b2026####ek#y0engy0150####ca 102 ## _aRU 200 1# _aAssessment of the Effectiveness of GIS Technologies Implementation in the Process of Training Future Geography Teachers _eJournal article 210 1# _aMoscow _cINFRA-M Academic Publishing LLC. _d2026 215 ## _a5 с. 608 ## _aJournal article _2local 675 ## _aгеографии. 372.891 _z 700 #1 _aAbdurahmonov _gB. M. 856 4# _azh-szf.ru _u